Alcoholism (Record no. 243936)

MARC details
000 -LEADER
fixed length control field 00777nam a2200241Ia 4500
008 - FIXED-LENGTH DATA ELEMENTS--GENERAL INFORMATION
fixed length control field 191130s2008##################000#0#eng##
020 ## - INTERNATIONAL STANDARD BOOK NUMBER
ISBN 9780737738322
082 ## - DEWEY DECIMAL CLASSIFICATION NUMBER
Classification number 362.292 KAR
245 ## - TITLE STATEMENT
Title Alcoholism
Statement of responsibility, etc Justin Karr, book editor
260 ## - PUBLICATION, DISTRIBUTION, ETC. (IMPRINT)
Place of publication Detroit
Name of publisher Greenhaven Press
Year of publication c2008
300 ## - PHYSICAL DESCRIPTION
Number of Pages 142 p. ; 24 cm
500 ## - GENERAL NOTE
General note Includes bibliographical references (p. 131-136) and index
650 ## - SUBJECT ADDED ENTRY--TOPICAL TERM
Topical Term Alcoholics - Family relationships - United States
Topical Term Alcoholics - Rehabilitation - United States
Topical Term Alcoholism - United States
Topical Term Teenagers - Alcohol use - United States
700 ## - ADDED ENTRY--PERSONAL NAME
Personal name Karr, Justin
991 ## -
-- 358018
Holdings
Withdrawn status Lost status Damaged status Not for loan Home library Current library Shelving location Date acquired Full call number Accession Number Price effective from Koha item type
        Anna Centenary Library Anna Centenary Library 4TH FLOOR, A WING 13.10.2020 362.292 KAR 203803 13.10.2020 English Books

Find us on the map